| Поле | Название | Значение |
| |
Тип записи |
a |
| |
Библиографический уровень |
m |
| 001 |
Контрольный номер |
RU/IS/BASE/415378649 |
| 005 |
Дата корректировки |
20250709140503.7 |
| 010 |
Индекс ISBN |
__ |
| d |
Цена |
154-25 |
| 100 |
Данные общей обработки |
__ |
| a |
Данные общей обработки |
19060615g2003 |||y0rusy0189 ca |
| 101 |
Язык документа |
0_ |
| a |
Язык текста |
rus |
| 102 |
Страна публикации |
__ |
| a |
Страна публикации |
RU |
| 102 |
Страна публикации |
__ |
| a |
Страна публикации |
RU |
| 105 |
Кодированные данные (монография) |
__ |
| a |
Кодированные данные (монография) |
zy |
| 200 |
Заглавие и сведения об ответственности |
1_ |
| a |
Заглавие |
Война и мир |
| e |
Сведения, относящиеся к заглавию |
роман-эпопея : аудиокнига : в 4 т. |
| f |
Первые сведения об ответственности |
Лев Николаевич Толстой ; читает Е. Терновский |
| b |
Общее обозначение материала |
Электронный ресурс |
| h |
Номер части |
Т. 1 |
| 210 |
Выходные данные |
1_ |
| a |
Место издания |
Москва |
| c |
Издательство |
Ардис |
| d |
Дата издания |
2006 |
| 215 |
Физическое описание |
__ |
| a |
Объем |
1 электрон. опт. диск (CD-ROM) (16ч 49 мин), в футл. |
| c |
Иллюстрации/тип воспроизводства |
зв. |
| 225 |
Серия (Журнальная рубрика) |
2_ |
| a |
Серия (Журнальная рубрика) |
XIX век. Русская проза |
| 230 |
Специфическая характеристика материала: электронные ресурсы |
__ |
| a |
Обозначение и объем ресурса |
Электрон. зв. дан. |
| 300 |
Общие примечания |
__ |
| a |
Общие примечания |
Систем. требования: 80 Kbps ; 44.1 kHz ; MP3 ; mono |
| 300 |
Общие примечания |
__ |
| a |
Общие примечания |
Загл. с контейнера |
| 606 |
Тематические рубрики |
__ |
| a |
Основная рубрика |
Художественная литература |
| 606 |
Тематические рубрики |
__ |
| a |
Основная рубрика |
Русская литература XIX в. (произведения) |
| 610 |
Ключевые слова |
0_ |
| a |
Ключевые слова |
говорящая книга |
| a |
Ключевые слова |
романы |
| a |
Ключевые слова |
русская литература |
| 686 |
Индексы других классификаций |
__ |
| a |
Индекс ББК |
84(2Рос=Рус)1-4я04 |
| 700 |
Автор |
_1 |
| a |
Фамилия |
Толстой |
| b |
Имя |
Л. Н. |
| g |
Полное личное имя |
Лев Николаевич |
| 801 |
Источник записи |
_0 |
| a |
Страна |
RU |
| b |
Организация |
ЦУНБ Москва |
| c |
Дата составления |
20060615 |
| 801 |
Источник записи |
_1 |
| a |
Страна |
RU |
| b |
Организация |
ЦУНБ Москва |
| c |
Дата составления |
20060615 |
| 801 |
Источник записи |
_2 |
| a |
Страна |
RU |
| b |
Организация |
Центральная районная библиотека им. Г. А. Пирожникова |
| c |
Дата составления |
20060615 |
| 852 |
Данные о местонахождении |
__ |
| j |
Шифр хранения |
84(2Рос=Рус)1 |
| i |
Авторский знак |
Т 52 |
| b |
Сигла хранения |
8; 18; 26; 29 |
| 901 |
Тип документа |
__ |
| t |
Тип документа |
m |
| 902 |
Роль лиц |
__ |
| a |
Создатель БЗ |
ОКиО/Шумских |
| 905 |
Дата создания БЗ |
__ |
| a |
Дата создания БЗ |
2013.04.12 |
| 990 |
Данные о заказе (DOS) |
__ |
| j |
Количество экземпляров (DOS) |
4 |
| h |
N записи в КСУ для Б/У (DOS) |
2013-3 |